Language Quiz

Random Language Quiz

Native languages of France Quiz Stats

 Plays Quiz not verified by Sporcle

Challenge
Share
Tweet
Embed
Score 0/10 Timer 10:00
0 Plays Today
speakers language % Correct
42, 000, 000French
99.3%
400, 000Breton
77%
1, 060, 000Occitan
74.1%
50, 000Basque
64.7%
130, 000Catalan
56.8%
850, 000Non-French Oïl
51.8%
200, 000Corsican
46%
900, 000Alsatian (Alemmanic)
35.3%
70, 000Arpitan
14.4%
140, 000Moselle Franconian
10.1%

You're not logged in!

Compare scores with friends on all Sporcle quizzes.
OR
Log In

You Might Also Like...

Show Comments

Extras

Created Jan 25, 2012ReportNominate
Tags:France, metropolitan, native, note, speaker

Top Quizzes Today


Score Distribution

Your Account Isn't Verified!

In order to create a playlist on Sporcle, you need to verify the email address you used during registration. Go to your Sporcle Settings to finish the process.

Report this User

Report this user for behavior that violates our Community Guidelines.

Details: